The olympics factbook : a spectator's guide to the winter and summer games
| Main Author: | |
|---|---|
| Other Authors: | , |
| Format: | Book |
| Published: |
Detroit :
Visible Ink ,
1992
|
| Subjects: |
MARC
| LEADER | 00000cam a2200000 7i4500 | ||
|---|---|---|---|
| 001 | 0000000144 | ||
| 002 | 000000199 | ||
| 005 | 20080130.0 | ||
| 020 | |a 0810394170 | ||
| 090 | 0 | 0 | |a 796.48 |b CON |
| 100 | 0 | |a Connors, Martin | |
| 245 | 1 | 4 | |a The olympics factbook : |b a spectator's guide to the winter and summer games |c Martin Connors, Diane L Dupuis and Brad Morgan |
| 260 | |a Detroit : |b Visible Ink , |c 1992 | ||
| 300 | |a 613p. ; |c 23cm. | ||
| 650 | 0 | 0 | |a Olympic Games |
| 700 | 0 | |a Dupuis, Diane L | |
| 700 | 0 | |a Morgan, Brad | |
| 999 | |a 027875 |b BUKU |c PINJAMAN |e PERPUSTAKAAN KOMUNITI PETALING JAYA | ||